LATAM Airlines Fleet - Statistics

General Stats
  • This quiz has been taken 23 times
    2 since last reset
  • The average score is 8 of 11
Answer Stats
Hint Answer % Correct
Boeing 787-8
100%
Boeing 787-9
100%
Airbus A319-100
100%
Airbus A320-200
100%
Airbus A320neo
100%
Airbus A321-200
100%
Airbus A321neo
100%
Boeing 777-300ER
50%
Boeing 767-300BCF
0%
Boeing 767-300ER
0%
Boeing 767-300ERF
0%
No matching quizzes found
Score Distribution
Percent of People with Each Score
Percentile by Number Answered
Your Score History
You have not taken this quiz since the last reset